Everyday Chinese : 60 fables and anecdotes

Bibliographic Details
Main Author: Zhong, Qin (Author)
Format: Book
Published: Beijing : New World Press , 1983
Subjects:

MARC

LEADER 00000cam a2200000 7i4500
001 0000008195
005 20030123093000.0
008 021119s1983
020 |a 0835110869 
090 0 0 |a PL1117   |b .Z4 
100 0 |a Zhong, Qin ,   |e author 
245 1 0 |a Everyday Chinese :   |b 60 fables and anecdotes   |c Zhong Qin 
260 2 |a Beijing :   |b New World Press ,   |c 1983 
300 |a 262 p. ;   |c 22 cm. 
650 0 |a Chinese language   |x Grammar 
650 0 |a Chinese language   |x Readers 
745 0 0 |a Mei jih Han yu 
999 |a 1000041529   |b Book   |c OPEN SHELF (30 DAYS)   |e Gong Badak Campus